Statistics for ZAYN - Let Me (Lyrics)

Click here to take the quiz!

General Stats

  • This quiz has been taken 11 times
  • The average score is 234 of 253

Answer Stats

Answer% Correct
a
100%
Baby,
100%
baby,
100%
be
100%
can
100%
For
100%
for
100%
I
100%
Let
100%
let
100%
life,
100%
life
100%
love
100%
me
100%
my
100%
of
100%
on
100%
rest
100%
take
100%
the
100%
this
100%
This
100%
you,
100%
you
100%
your
100%
and
90%
And
90%
April
90%
beach
90%
care
90%
cream
90%
dancing
90%
Dirty
90%
exclusively
90%
faithful
90%
has
90%
ice
90%
in
90%
man
90%
meaning
90%
morning
90%
our
90%
sex
90%
So
90%
so
90%
stay
90%
Sweet
90%
table
90%
that
90%
Then
90%
'til
90%
vanilla
90%
yours
90%
do
80%
drinking
80%
finest
80%
forever,
80%
if
80%
I'll
80%
just
80%
last
80%
Long
80%
ours
80%
promise,
80%
to
80%
top
80%
walks
80%
We're
80%
closer
70%
darling,
70%
feeling
70%
label
70%
that's
70%
things
70%
those
70%
will
70%
body
60%
Come
60%
like
60%
little
60%
time
60%
truth
60%
days
50%
Duvet
50%
Give
50%
Know
50%
night
50%
one
50%
together
50%
you'll
50%
More
40%
than
40%

Score Distribution

Percentile by Number Answered

Percent of People with Each Score

Your Score History

You have not taken this quiz